ASTROBIOLOGY (Record no. 216728)

MARC details
000 -LEADER
fixed length control field 00414nam a22001577a 4500
008 - FIXED-LENGTH DATA ELEMENTS--GENERAL INFORMATION
fixed length control field 260302b |||||||| |||| 00| 0 eng d
020 ## - INTERNATIONAL STANDARD BOOK NUMBER
International Standard Book Number 978-178578-342-5
100 ## - MAIN ENTRY--PERSONAL NAME
Personal name MAY, ANDREW
245 ## - TITLE STATEMENT
Title ASTROBIOLOGY
Remainder of title THE SERACH FOR LIFE ELSEWHERE IN THE UNIVERSE
260 ## - PUBLICATION, DISTRIBUTION, ETC.
Place of publication, distribution, etc. LONDON
Name of publisher, distributor, etc. ICON
Date of publication, distribution, etc. 2019
300 ## - PHYSICAL DESCRIPTION
Extent 168P.
500 ## - GENERAL NOTE
General note INCLUDES INDEX
650 ## - SUBJECT ADDED ENTRY
Topical term or geographic name entry element ASTRONOMY
942 ## - ADDED ENTRY ELEMENTS (KOHA)
Source of classification or shelving scheme Library of Congress Classification
Koha item type Long Loan Book
Holdings
Withdrawn status Lost status Source of classification or shelving scheme Damaged status Not for loan Collection Home library Current library Shelving location Date acquired Inventory number Total checkouts Full call number Barcode Date last seen Date last checked out Copy number Price effective from Koha item type
    Library of Congress Classification     Science & Technology Kisii University Library Kisii University Library On Display 03/02/2026 111992 1 QB 54 .M39 2019 000000024073 03/17/2026 03/14/2026 1 03/02/2026 Long Loan Book
    Library of Congress Classification     Science & Technology Kisii University Library Kisii University Library On Display 03/02/2026 111993   QB 54 .M39 2019 000000024060 03/02/2026   2 03/02/2026 Long Loan Book
    Library of Congress Classification     Science & Technology Kisii University Library Kisii University Library On Display 03/02/2026 111994   QB 54 .M39 2019 000000024061 03/02/2026   3 03/02/2026 Long Loan Book
    Library of Congress Classification     Science & Technology Kisii University Library Kisii University Library On Display 03/02/2026 111995   QB 54 .M39 2019 000000024065 03/02/2026   4 03/02/2026 Long Loan Book
    Library of Congress Classification     Science & Technology Kisii University Library Kisii University Library On Display 03/02/2026 111996   QB 54 .M39 2019 000000024064 03/02/2026   5 03/02/2026 Long Loan Book